000 00569nam a2200229Ia 4500
003 OSt
005 20221005120224.0
006 a|||||r|||| 00| 0
007 ta
008 221004b |||||||| |||| 00| 0 kan d
024 _a60107
037 _cTextual
040 _aCRL
_cCRL
_bkan
041 _2kan
_akan
082 _aO33,3M62,27, J4
100 _aGalaganath Au.
_9627603
245 0 _aDharma rahasya
260 _c1954
650 _aKANNAD FICTION
942 _hO33,3M62,27, J4
_cTEXL
_2cc
999 _c1037266
_d1037266